[Event "HUN-chT3"]
[Site "Hungary"]
[Date "1997.??.??"]
[Round "?"]
[White "Knisch, Gabor"]
[Black "Szeles, Imre"]
[Result "1/2-1/2"]
[WhiteElo "2085"]
[BlackElo "2040"]
[PlyCount "61"]
[EventDate "1997.??.??"]
[EventType "team"]
[EventRounds "13"]
[EventCountry "HUN"]
[SourceTitle "EXT 2001"]
[Source "ChessBase"]
[SourceDate "2000.11.22"]
[SourceVersion "1"]
[SourceVersionDate "2000.11.22"]
[SourceQuality "1"]

1. e4 Nc6 2. Nc3 Nf6 3. d4 d6 4. Nf3 g6 5. h3 Bg7 6. Be3 0-0 7. Bc4 a6 8. a3 b5 9. Ba2 Bb7 10. Qd2 a5 11. Nxb5 Nxe4 12. Qd3 Nf6 13. c4 Nd7 14. Rd1 e5 15. dxe5 Ncxe5 16. Nxe5 Nxe5 17. Qf1 Qe7 18. Nc3 Rab8 19. Rd2 f5 20. Kd1 Kh8 21. Nd5 Bxd5 22. cxd5 c5 23. Rc2 Rb6 24. Bd2 Rfb8 25. Bc1 Nd7 26. Qd3 Bxb2 27. Re1 Qg7 28. Bg5 Ne5 29. Qd2 Bxa3 30. Qe3 Rb4 31. Qxa3 1/2-1/2

[Event "HUN-chT3"]
[Site "Hungary"]
[Date "1997.??.??"]
[Round "?"]
[White "Szeles, Imre"]
[Black "Horvath, Akos"]
[Result "1-0"]
[WhiteElo "2000"]
[BlackElo "1610"]
[PlyCount "31"]
[EventDate "1997.??.??"]
[EventType "team"]
[EventRounds "13"]
[EventCountry "HUN"]
[SourceTitle "EXT 2001"]
[Source "ChessBase"]
[SourceDate "2000.11.22"]
[SourceVersion "1"]
[SourceVersionDate "2000.11.22"]
[SourceQuality "1"]

1. Nf3 Nc6 2. d4 e6 3. e4 d5 4. e5 f6 5. Bb5 Bd7 6. 0-0 Nxe5 7. Nxe5 Bxb5 8. Qh5+ Ke7 9. Qf7+ Kd6 10. c4 Bxc4 11. b3 fxe5 12. dxe5+ Kc6 13. Qxe6+ Bd6 14. bxc4 Qe7 15. Qxd5+ Kb6 16. Qb5# 1-0

[Event "HUN-chT3"]
[Site "Hungary"]
[Date "1997.??.??"]
[Round "?"]
[White "Toth, Imre"]
[Black "Szeles, Imre"]
[Result "1/2-1/2"]
[WhiteElo "1715"]
[BlackElo "2000"]
[PlyCount "101"]
[EventDate "1997.??.??"]
[EventType "team"]
[EventRounds "13"]
[EventCountry "HUN"]
[SourceTitle "EXT 2001"]
[Source "ChessBase"]
[SourceDate "2000.11.22"]
[SourceVersion "1"]
[SourceVersionDate "2000.11.22"]
[SourceQuality "1"]

1. e4 Nc6 2. d4 d5 3. exd5 Qxd5 4. c3 e5 5. Qe2 Be6 6. dxe5 Nxe5 7. Qb5+ Qxb5 8. Bxb5+ c6 9. Be2 Bd5 10. Nf3 Nxf3+ 11. Bxf3 Bxf3 12. gxf3 0-0-0 13. Be3 Kb8 14. Nd2 Ne7 15. 0-0-0 Nf5 16. Ne4 Be7 17. Rxd8+ Rxd8 18. Rd1 Re8 19. Ng3 Nxe3 20. fxe3 g6 21. Kc2 Kc7 22. e4 Bd6 23. Rd2 h5 24. Rg2 h4 25. Nf1 Bf4 26. h3 Re5 27. Nd2 b5 28. b3 a5 29. c4 Rc5 30. Kd3 Bxd2 31. Rxd2 bxc4+ 32. bxc4 Rg5 33. Ke3 Rg3 34. Rh2 Kd6 35. Rd2+ Kc5 36. Rd7 Rxh3 37. Rxf7 Rh1 38. e5 Kxc4 39. Rf6 Re1+ 40. Kf2 Rxe5 41. Rxc6+ Kb4 42. Rxg6 Rh5 43. Rg2 Kc3 44. Rg4 h3 45. Kg1 Kd3 46. Kh2 Ke3 47. Rg3 Rh4 48. Rg4 Rh5 49. Rg3 Rh4 50. Rg4 Rh5 51. Rg3 1/2-1/2

[Event "HUN-chT2"]
[Site "Hungary"]
[Date "1996.??.??"]
[Round "?"]
[White "Paulovics, Gyorgy"]
[Black "Szeles, Imre"]
[Result "0-1"]
[WhiteElo "1735"]
[BlackElo "2040"]
[PlyCount "56"]
[EventDate "1996.??.??"]
[EventType "team"]
[EventRounds "13"]
[EventCountry "HUN"]
[SourceTitle "EXT 2006"]
[Source "ChessBase"]
[SourceDate "2005.11.24"]
[SourceVersion "1"]
[SourceVersionDate "2005.11.24"]
[SourceQuality "1"]

1. d4 Nf6 2. c4 e6 3. Nf3 b6 4. g3 Ba6 5. Qc2 Bb4+ 6. Bd2 Bxd2+ 7. Nbxd2 c5 8. Bg2 Nc6 9. dxc5 bxc5 10. 0-0 0-0 11. Rfd1 Qb6 12. e4 d6 13. b3 Bb7 14. Qc3 e5 15. Qe3 Rfe8 16. Nb1 Nd4 17. Na3 Bxe4 18. Nxd4 exd4 19. Qf4 Bxg2 20. Kxg2 Re4 21. Qf5 Rae8 22. Rf1 a6 23. Nc2 Qb7 24. Kg1 R4e5 25. Qd3 Qe4 26. Ne1 Qe2 27. b4 Qb2 28. Qb3 Qxa1 0-1